Sports Quiz

Random Sports or Hockey Quiz

Memorial Cup Winners Quiz Stats

 Plays Quiz Updated Jun 1, 2018

Also try: Memory Minefield
Challenge
Share
Tweet
Embed
Score 0/46 Timer 07:00
0 Plays Today
Season Team % Correct
2015-2016London Knights
81.2%
2016-2017Windsor Spitfires
75.9%
2004-2005London Knights
73.7%
2008-2009Windsor Spitfires
72.6%
2009-2010Windsor Spitfires
72.2%
2006-2007Vancouver Giants
62%
2017-18Acadie–Bathurst Titan
61.4%
2012-2013Halifax Mooseheads
60.5%
2014-2015Oshawa Generals
59.2%
1983-1984Ottawa 67s
56.7%
1998-1999Ottawa 67s
56.7%
1981-1982Kitchener Rangers
56%
2002-2003Kitchener Rangers
56%
2001-2002Kootenay Ice
54.5%
1989-1990Oshawa Generals
53.3%
2003-2004Kelowna Rockets
50.1%
1999-2000Rimouski Oceanic
49.7%
1991-1992Kamloops Blazers
49.4%
1993-1994Kamloops Blazers
49.4%
1994-1995Kamloops Blazers
49.4%
1986-1987Medicine Hat Tigers
47.7%
1987-1988Medicine Hat Tigers
47.7%
1982-1983Portland Winter Hawks
47.1%
Season Team % Correct
1997-1998Portland Winter Hawks
47.1%
1990-1991Spokane Chiefs
45.8%
2007-2008Spokane Chiefs
45.8%
1978-1979Peterborough Petes
44.6%
2000-2001Red Deer Rebels
43.3%
1992-1993Sault Ste. Marie Greyhounds
42.9%
2005-2006Québec Remparts
41.9%
1973-1974Regina Pats
41.4%
2013-2014Edmonton Oil Kings
40.9%
2011-2012Shawinigan Cataractes
36%
1996-1997Hull Olympiques
33.6%
1988-1989Swift Current Broncos
33.2%
1984-1985Prince Albert Raiders
29.1%
1976-1977New Westminster Bruins
28.9%
1977-1978New Westminster Bruins
28.9%
1979-1980Cornwall Royals
27.4%
1980-1981Cornwall Royals
27.4%
2010-2011Saint John Sea Dogs
22.4%
1985-1986Guelph Platers
19.7%
1972-1973Toronto Marlboros
17.1%
1974-1975Toronto Marlboros
17.1%
1995-1996Granby Prédateurs
12.8%
1975-1976Hamilton Fincups
12%

You're not logged in!

Compare scores with friends on all Sporcle quizzes.
Join for Free
OR
Log In

You Might Also Like...

Show Comments

Extras

Top Quizzes Today


Score Distribution

Your Account Isn't Verified!

In order to create a playlist on Sporcle, you need to verify the email address you used during registration. Go to your Sporcle Settings to finish the process.

Report this User

Report this user for behavior that violates our Community Guidelines.

Details: